| 000 | 00602nam a22002057a 4500 | ||
|---|---|---|---|
| 005 | 20260515115058.0 | ||
| 008 | 250305b |||||||| |||| 00| 0 eng d | ||
| 020 | _a9788119679416 | ||
| 040 |
_aIN-DiNC _cIN-DiNC |
||
| 041 | _dasm | ||
| 082 |
_a320.5 _bGOH |
||
| 100 |
_aGohain, Nabin _eauthor |
||
| 245 |
_aRajnaitik tattwa: _bdharona aru bitarka (Major8)/ _cby Nabin Gohain and Pankaj Borah |
||
| 250 | _a1st ed. | ||
| 260 |
_aJorhat: _bBidya bhawan, _c2025. |
||
| 300 | _a336p. | ||
| 650 | _aPolitical theory: concepts and debates (major8) | ||
| 700 |
_aBorah, Pankaj _eauthor |
||
| 942 |
_2ddc _cBK |
||
| 999 |
_c12118 _d12118 |
||